000 00660nam a2200217Ia 4500
005 20250616170239.0
008 008 250516s9999 xx 000 0 hin d
020 _a9788198099440
040 _beng
_cSDCL
041 _ahin
_2hin
084 _aX:9511 R5 RR
100 _aMuthuswamy
245 0 _aSwamy's compilation of samanya vittiye niyamavali, 2017(Hindi)
246 _aSwamy's compilation of सामान्य वित्तीय नियमावली, 2017
260 _aNew Delhi :
_bSwamy Publishers (P) Ltd,
_c2025.
300 _axvi, 263p.
650 _aFinance
700 _aBrinda
700 _aSanjeev
942 _cREF
_2CC
999 _c1430416
_d1430416